MDQL
is popping MORE tags! Check the
thread
!
Quizzes
Events
Quiz Creation
Community
Videos
Private Events
Remove Ads
Sign In
Join for FREE
Feedback
Dark Mode
Quiz Categories
Sports
Geography
Music
Movies
Television
Just For Fun
Miscellaneous
History
Literature
Language
Science
Gaming
Entertainment
Religion
Holiday
For Kids
Quiz Lab
Recent
Popular Today
Quiz Kudos Today
Editor Picks
Curator Picks
Quizzes by...
Day
Popularity
Type
Ratings
Length
Year
Community
Subscriptions
Recent Discussions
Orange Saloon
Badges
Playlists
Quests
Create
Leaderboards
Showdown
Live 5
Trivia Bingo
Activity
Puzzle Library
Sporcle Events
Private Events
Virtual Trivia
Globe League
Become a Host
Pub Owners
SporcleCon
Opinionation
Our Games
Videos
Blog
Mobile Apps
Partnerships
Remove Ads and Go Orange
Feedback
Television
TV Characters
TV Show
Sitcom
Network
Friends
Reality Shows
Cast
South Park
Star Trek
The Simpsons
Doctor Who
Television
TV Characters
TV Show
Sitcom
Network
Friends
Reality Shows
Cast
South Park
Star Trek
The Simpsons
Doctor Who
Random Quiz
Search Sporcle
×
Quiz Lab
Quiz Lab
Television
Quote
Type in answers that appear in a list
Type in answers that appear in a list
Classic
Best Score? Go Orange.
Friends Season 1 Quotes Stats
Can you name the Friends Season 1 Quotes?
By
Friends2fan
6m
24 Questions
244 Plays
244 Plays
244 Plays
Comments
Comments
Give Quiz Kudos
Give Quiz Kudos
-
- Ratings
hide this ad
Replay
Link that replays current quiz
Next Quiz
Link to next quiz in quiz playlist
You Got
0%
They Got
Avg Score
39%
Avg Friend Score
Upgrade to see
Score Distribution
Jump to the score distribution portion of the page
Score
0/24
Timer
06:00
0
Plays Today
Quote
Blank
% Correct
Oh, and I brought _
_
_
. But, um, I lost the tweezers, so we can't operate. But we can prep the guy!
Operation
78.3%
I wanna be buried at _
_
_
, it looks like fun.
Sea
73.4%
You know, on second thought, gum would be _
_
_
.
Perfection
68.4%
And that's when it hit me -
how much Barry looks like _
_
_
_
_
_
_
_
_
.
Mr. Potato Head
66.8%
You know, those stupid soda people gave me $7000 for the thumb. And on my way here, I stepped in gum. What is up with the _
_
_
?
Universe
61.9%
We think he was trying to spell out _
_
_
.
Monkey
58.6%
Oh no, It's terrific. It's, y'know, you deserve this, after all your years of struggling, you've finally been able to _
_
_
your way into show business.
Crack
55.7%
Is it, like, for _
_
_
emergencies? Help! Come quick, they're still extinct!
Dinosaur
54.9%
Dear God! This _
_
_
is a knapsack!
Parachute
44.7%
Um, ok, the... the fifth dentist caved and now they're all recommending _
_
_
?
Trident
41.8%
That's funny, cause I was thinking you look more like Joey Tribbiani, _
_
_
/
_
_
_
.
Man Woman
38.1%
I dunno. Some fat guy's sleeping with the store manager. He's not even jolly, it's all _
_
_
Political
31.1%
Quote
Blank
% Correct
I don't know, but I think it's about to attack the _
_
_
.
Enterprise
29.9%
Well, smack my ass and call me _
_
_
! These are fantastic!
Judy
29.1%
I know I am. That's why I can't wear a _
_
_
watch.
Digital
28.7%
It's pretty ugly. We haven't seen an _
_
_
this bad since the 70's.
ANUS
27%
I don't know, you don't wanna mess with corn nuts. They're _
_
_
.
Crazy
25%
Are they end to end, or tall like _
_
_
?
Pancakes
24.6%
_
_
_
in a Volkswagen!
Popes
24.2%
Oh, so forget about the birds, but big red _
_
_
suggest fine dining.
Insects
23.8%
Yes, I know. As it happens, my room is very, very close to the _
_
_
route.
Parade
22.5%
_
_
_
socks. That's so sweet.
Bullwinkle
21.3%
Okay, it's his first time out, so he's probably gonna wanna do some of the touristy things. I'll go to _
_
_
, you go to 'The Russian Tea Room.'
Cats
15.2%
Uh... you know, _
_
_
is a tricky thing.
Knowledge
12.7%
Quiz Playlist
Details
Report
Send in Message
Add To Playlist
Classic:
Type in answers that appear in a list
Last Updated: Feb 16, 2017
Quiz Scoreboard
CHALLENGE
Sign Up to Join the Scoreboard
Show All
Scores
Hide
Comments
May contain spoilers
Recently Published
1-10 Letter E Words III
by El_Dandy
Language
2m
Street Fighter Characters
by Artimus82
Gaming
60s
College Basketball Coaching Resumes
by pancakes188
Sports
9m
More to Explore
Quiz From the Vault
Featured Blog Post
Where Did the Easter Bunny Come From?
hide this ad
You Might Also Like...
Tags
Quote Quiz
blank
season
Today's Top Quizzes in Television
Browse Television
hide this ad
Today's Top Quizzes in Quote
Browse Quote
Top Contributed Quizzes in Television
1
Survivor Journey Challenge
2
Adjectives in 80s TV Shows
3
5-to-1: The Simpsons Families
4
Adjectives in 00s TV Shows
5
5-to-1: Television Doctors
6
Adjectives in 10s TV Shows
7
7-to-1: TV Show Settings
8
5-to-1: Streaming Originals
9
Adjectives in 70s TV Shows
10
Survivor Seasons
Explore More
Trending Topics
Harry Potter
Marvel
Kpop
Disney
Crossword
Anime
NBA
NFL
Puzzle
Pokémon
Country
Soccer
Song
The Office
WWE
hide this ad
More By:
Friends2fan
Quiz
Plays
Rating
Category
Featured
Created
Breaking Bad Trivia
2,807
2.90
Television
Mar 6, 2012
FRIENDS - Notable Guest Stars
263
2.50
Television
Jan 31, 2012
Friends Season 1 Quotes
244
2.50
Television
Jan 4, 2012
Friends Food Episodes
132
3.25
Television
Jan 4, 2012
Go to Creator's Profile
Score Distribution
Quiz Creator Spotlight
Friends2fan
Follow
Send a Message
Quizzes Created
-
Created Quiz Play Count
-
More By This Creator
Popular Quizzes Today
1
Find the US States - No Outlines Minefield
2
Find the Countries of Europe - No Outlines Minefield
3
The Countries of the World
4
Find the US States
5
Risky Map Clicking: Biggest States A-Z
6
US States
7
Popular People in 1961
8
Movies - When Are They Set?
More Television Quizzes
Avatar & Legend of Korra Airbender Silhouettes Quiz
Quiz Lab
Trending Quizzes
Risky Map Clicking: Least Populous States A-Z
Billboard Blitz: Aretha Franklin
1-10 Letter G Words
Countries of the World: 200 Million BC
1-10 Letter F Words
Recently Updated
Leaping Animals
pecheneg
Reality TV Shows (A-Z)
bhenderson79
Rickey Henderson's Hall of Fame Teammates
pecheneg
Champions League XIs: Arsenal
pecheneg
Quick Pick: Celebrities in WWE's Hall of Fame
aduchscher
A-Z Keypad Blitz II
pecheneg
Multiple Oscar Actors
pecheneg
Mystery Phrase Blitz: Oscar 'Best Actors'
pecheneg
F. Scott Fitzgerald Novels
LTH
Pick 3 Villains
ddd62291
Trending Topics
Anime
NBA
Disney
Harry Potter
Crossword
Kpop
Marvel
Country
Soccer
Pokémon
Song
WWE
The Office
NFL
Puzzle
Your Account Isn't Verified!
In order to create a playlist on Sporcle, you need to verify the email address you used during registration. Go to your
Sporcle Settings
to finish the process.
Report this User
Report this user for behavior that violates our
Community Guidelines
.
Details:
Send Report
Go to the Sporcle.com Mobile Site →
Comments